Comprehensive History of India (Record no. 1115294)

MARC details
000 -LEADER
fixed length control field 00662nam a2200229Ia 4500
003 - CONTROL NUMBER IDENTIFIER
control field OSt
005 - DATE AND TIME OF LATEST TRANSACTION
control field 20221006163808.0
008 - FIXED-LENGTH DATA ELEMENTS--GENERAL INFORMATION
fixed length control field 221006b |||||||| |||| 00| 0 hin d
037 ## - SOURCE OF ACQUISITION
Terms of availability Textual
040 ## - CATALOGING SOURCE
Original cataloging agency FML
Transcribing agency FML
Language of cataloging hin
041 ## - LANGUAGE CODE
Source of code hin
Language code of text/sound track or separate title hin
100 ## - MAIN ENTRY--PERSONAL NAME
Personal name Neelkantha Shastri K A Ed.
9 (RLIN) 675790
245 #0 - TITLE STATEMENT
Title Comprehensive History of India
Remainder of title Mauryas and Satavahans
260 ## - PUBLICATION, DISTRIBUTION, ETC.
Place of publication, distribution, etc. New Delhi
Name of publisher, distributor, etc. People's Publishing House
Date of publication, distribution, etc. 1957
300 ## - PHYSICAL DESCRIPTION
Extent Various Page
Dimensions cm.
942 ## - ADDED ENTRY ELEMENTS (KOHA)
Classification part V2, J7.2
Koha item type Textual
Source of classification or shelving scheme Colon Classification (CC)
Holdings
Withdrawn status Lost status Source of classification or shelving scheme Damaged status Not for loan Home library Current library Date acquired Total Checkouts Full call number Barcode Date last seen Price effective from Koha item type
    Colon Classification (CC)     Department of Music Library Department of Music Library 2022-10-06   V2 J7.2 MU0009558 2022-10-06 2022-10-06 Textual
Copyright @ Delhi University Library System